00452nam a2200121Ia 4500008004100000245015000041260002400191260000900215300000700224650002300231650001200254856006400266170516s9999 xx 000 0 und d aBeneficial biofilms in marine aquaculture? Linking points of biofilm formation mechanisms in Pseudomonas aeruginosa and Pseudoalteromonas species bAIMS Bioengineering c2015 a:3 xMedical Technology xMedtech uhttp://www.aimspress.com/journal/Bioengineering/2015/3.html